| 000 | 00878cam a2200229 i 4500 | ||
|---|---|---|---|
| 020 | _a0340123761 | ||
| 020 | _a034012377X | ||
| 082 | 0 | 0 |
_a692.8 _bKIN _cL-21, P-64 |
| 100 | 1 |
_aKing, W. H. _945527 |
|
| 245 | 1 | 2 |
_aA metric manual of specifications and quantities for civil engineers / _c[by] W.H. King, D.M.R. Esson. |
| 260 |
_aLondon : _bEnglish Universities Press, _c1975. |
||
| 300 |
_ax, 230 p. : _bill., facsims., forms, plans ; _c23 cm. |
||
| 500 | _aBased on the 5th ed. of A manual of specifications and quantities for civil engineers by A. Johnson and W. H. King. | ||
| 500 | _aIncludes index. | ||
| 526 |
_a0 _b0 _c0 _d692_800000000000000_KIN |
||
| 650 | 0 |
_aCivil engineering _xSpecifications. _940600 |
|
| 650 | 0 |
_aEngineering _xSpecifications. _945528 |
|
| 650 | 0 |
_aMCE _9379 |
|
| 700 | 1 |
_aEsson, D. M. R. _945529 |
|
| 700 | 1 |
_aJohnson, A. _945530 |
|
| 942 |
_2ddc _cBK |
||
| 999 |
_c549026 _d549026 |
||